| 000 | 00814nam a2200229 a 4500 | ||
|---|---|---|---|
| 005 | 20250617063827.0 | ||
| 008 | 991125s1991 arg 000 0 spa u | ||
| 020 | _a950163051X | ||
| 035 | _aUPN01000020284 | ||
| 049 | _aCG | ||
| 050 | 4 |
_aLB1647 _bE58 |
|
| 245 | 0 | 0 |
_aEnseñar y aprender ciencias naturales : _breflexión y práctica en la escuela media / _cMaría Giordano ... [et al.] ; colab. Leonardo Bernardi, Juan Pedro Sosa. |
| 260 |
_aBuenos Aires : _bTroquel, _c1991. |
||
| 300 | _a167 p. | ||
| 440 | 0 | _aTroquel educación | |
| 650 | 4 |
_aCiencias naturales _xEstudio y enseñanza _9256 |
|
| 650 | 4 |
_aCiencias naturales _xEstudio y enseñanza (Secundaria) _97979 |
|
| 700 | 1 |
_aGiordano, María, _ecoaut. |
|
| 700 | 1 |
_aBernardi, Leonardo, _ecolab. |
|
| 700 | 1 |
_aSosa, Juan Pedro, _ecolab. |
|
| 905 | _aLibro | ||
| 999 |
_c20284 _d20284 |
||